00445nam a2200109Ia 4500008004100000245018200041260002900223260000900252300000600261650001300267856005500280170516s9999 xx 000 0 und d 4aThe Population Pharmacokinetic Models of Tacrolimus in Chinese Adult Liver Transplantation Patients, Liqin Zhu, Hao Wang, Xiaoye Sun, Wei Rao, Wei Qu, Yuan Zhang, and Liying Sun bJournal of Pharmaceutics c2014 a: xPharmacy uhttps://www.hindawi.com/journals/jphar/contents/2/